| 000 | 00400cam a2200169 4500 | ||
|---|---|---|---|
| 001 | D13066 | ||
| 008 | 090401t1952 xxu||||| |||| 00| 0 eng d | ||
| 035 | _a(Sirsi) u7597 | ||
| 041 | _aeng | ||
| 110 |
_aISVA _91406 |
||
| 245 | 2 | _aA selected list of land tribunal rating appeals 1950-51 | |
| 260 |
_aLondon _bISVA _c1952 |
||
| 350 | _a0 | ||
| 520 | _aShelf 117 | ||
| 942 | _n0 | ||
| 948 | _c04/03/1997 | ||
| 999 |
_c86426 _d86426 |
||